| 000 | 00779nam a22002537a 4500 | ||
|---|---|---|---|
| 999 |
_c4293 _d4293 |
||
| 001 | 12177 | ||
| 003 | BD-DhUAP | ||
| 005 | 20201105122955.0 | ||
| 008 | 201105r20122013ii a b 001 0 eng d | ||
| 020 | _a9780074633113 | ||
| 020 | _a0074633112 | ||
| 040 |
_aDLC _cDLC _dBD-DhUAP _bEng |
||
| 082 | 0 | 0 |
_223 _a518 BAL |
| 100 | _aBalagurusamy, E. | ||
| 245 | 1 | 0 |
_aNumerical methods / _cE. Balagurusamy. |
| 260 |
_aNew Delhi : _bMcGraw-Hill, _cc1999 [Reprinted 2007]. |
||
| 300 |
_axvi, 608 pages : _billustrations ; _c23 cm. |
||
| 504 | _aIncludes bibliographical references and index. | ||
| 650 | 0 | _aNumerical analysis | |
| 650 | 0 |
_aComputer program language _vComputer programming. |
|
| 942 | 0 | 0 |
_01 _2ddc _cBK |